00561nam a2200169Ia 450000500170000000800410001708200170005824500880007526000620016330000170022565000100024265000110025265000080026394200060027195200990027799900150037620240520023658.0240331s9999 xx 000 0 und d bNFSWRa331.4 0aAre we forgotten women? bA study on the status of low income single women in India aRajasthanbNational forum for single Women's Rightsc2011 aiii, 98 p ., awomen arights aLow cL 001040708LaWERCLbWERCLcSSCd2024-03-31l0o 331.4 NFSWRp6858r2024-03-31w2024-03-31yL c5866d5866